Sports Quiz

Random Sports or Clickable Quiz

2011-12 Chicago Bulls Roster Quiz Stats

 Plays Quiz not verified by Sporcle

Challenge
Share
Tweet
Embed
Score 0/25 Timer 03:00
0 Plays Today
% Correct
???
100%
???
100%
???
100%
???
100%
???
100%
???
100%
???
100%
???
100%
???
98.1%
???
98.1%
???
98.1%
???
92.6%
???
92.6%
% Correct
???
87%
???
85.2%
???
83.3%
???
83%
???
83%
???
83%
???
81.5%
???
81.5%
???
81.5%
???
81.5%
???
79.6%
???
77.8%

You're not logged in!

Compare scores with friends on all Sporcle quizzes.
OR
Log In

You Might Also Like...

Show Comments

Extras

Created Apr 10, 2012ReportNominate
Tags:Clickable Quiz, bull, chicago, roster

Top Quizzes Today


Score Distribution

Your Account Isn't Verified!

In order to create a playlist on Sporcle, you need to verify the email address you used during registration. Go to your Sporcle Settings to finish the process.

Report this User

Report this user for behavior that violates our Community Guidelines.

Details: